Ludwig Wittgenstein /
"̌Die Grenzen meiner Sprache bedeuten die Grenzen meiner Welt". Was heißt es, dass ich ein sprachliches Wesen bin? Wie spreche ich über Liebe, tiefe Beunruhigungen, Glück und Schmerz? Ludwig Wittgenstein hat in seinem bedeutenden Werk das 20. Jahrhundert so beeinflusst, dass die Auffassung...
المؤلف الرئيسي:
التنسيق: كتاب الكتروني
اللغة:
English
German
منشور في:
Paderborn :
Ferdinand Schöningh, Brill | Fink,
2024.
سلاسل:
Philosophische Einstiege.
Schöningh, Fink and mentis Religious Studies, Theology and Philosophy E-Books Online, Collection 2024.
الموضوعات:
الوصول للمادة أونلاين: Login to view Source
الوسوم: إضافة وسم
رقم الطلب: PZ7.S588
| LEADER | 02714nam a22004698i 4500 | ||
|---|---|---|---|
| 001 | BRILL9783846768068 | ||
| 003 | nllekb | ||
| 005 | 20240715181720.0 | ||
| 006 | m d | ||
| 007 | cr un uuuua | ||
| 008 | 240614s2024 gw sb 001 0 eng d | ||
| 020 | |a 9783846768068 |q (electronic book) | ||
| 020 | |z 9783770568062 |q (print) | ||
| 024 | 7 | |a 10.30965/9783846768068 |2 DOI | |
| 040 | |a NL-LeKB |c NL-LeKB |e rda | ||
| 041 | |a ger | ||
| 050 | 4 | |a PZ7.S588 | |
| 072 | 7 | |a HPCF5 |2 bicssc | |
| 072 | 7 | |a PHI |x 011000 |2 bisacsh | |
| 072 | 7 | |a PHI |x 039000 |2 bisacsh | |
| 082 | 0 | 4 | |a 100 |2 23 |
| 100 | 1 | |a Markewitz, Sandra, |e author. | |
| 245 | 1 | 0 | |a Ludwig Wittgenstein / |c Sandra Markewitz. |
| 264 | 1 | |a Paderborn : |b Ferdinand Schöningh, Brill | Fink, |c 2024. | |
| 264 | 4 | |c ©2024 | |
| 300 | |a 1 online resource (96 pages) : |b illustrations. | ||
| 336 | |a text |b txt |2 rdacontent | ||
| 337 | |a computer |b c |2 rdamedia | ||
| 338 | |a online resource |2 rdacarrier | ||
| 490 | 1 | |a Philosophische Einstiege | |
| 490 | 1 | |a Schöningh, Fink and mentis Religious Studies, Theology and Philosophy E-Books Online, Collection 2024 | |
| 504 | |a Includes bibliographical references and index. | ||
| 520 | |a "̌Die Grenzen meiner Sprache bedeuten die Grenzen meiner Welt". Was heißt es, dass ich ein sprachliches Wesen bin? Wie spreche ich über Liebe, tiefe Beunruhigungen, Glück und Schmerz? Ludwig Wittgenstein hat in seinem bedeutenden Werk das 20. Jahrhundert so beeinflusst, dass die Auffassung der Sprache danach eine andere war. Geboren 1889 in eine kultivierte Familie in Ã-sterreich, kannte Wittgenstein früh die Nuancen feinfühliger Unterscheidung und Weltwahrnehmung. Vom frühen Werk bis zu den späteren Überlegungen zu Sprachspiel, Lebensform, Regelfolgen und Grammatik zeigt er unsere Verbundenheit mit dem Medium der Sprache - es ist nicht nur Werkzeug der Vermittlung, sondern prägt von Grund auf, wer wir sind und wie wir unsere Umgebung wahrnehmen. Die Sprachanalyse ist die zentrale Methode seiner Philosophie. Das Ziel ist es, scheinbare Probleme der Philosophie als sprachliche Missverständnisse aufzulösen - und damit der Fliege den Weg aus dem Fliegenglas zu zeigen. | ||
| 546 | |a German | ||
| 588 | |a Description based on print version record. | ||
| 650 | 0 | |a Cultural philosophy. | |
| 776 | 0 | 8 | |i Print version: |t Ludwig Wittgenstein. |d Paderborn : Ferdinand Schöningh, Brill | Fink, 2024. |z 9783770568062 |w (OCoLC)1409402355 |
| 830 | 0 | |a Philosophische Einstiege. | |
| 830 | 0 | |a Schöningh, Fink and mentis Religious Studies, Theology and Philosophy E-Books Online, Collection 2024. | |
| 856 | 4 | |z DOI: |u http://dx.doi.org/10.30965/9783846768068 | |
| 942 | |2 lcc |c EBOOK | ||
| 999 | |c 58900 |d 58900 | ||
